| 000 | 00616nam a22001937a 4500 | ||
|---|---|---|---|
| 003 | NUST | ||
| 005 | 20240215113028.0 | ||
| 038 | _aMr. Zahoor | ||
| 082 | _a670.5 | ||
| 100 |
_aKhalid, Hassan _916198 |
||
| 245 |
_aDrill pipes and Tool Joints Shearing Force Estimation in Blow Out Preventers (BOP's) / _cHassan Khalid |
||
| 260 |
_aIslamabad: _bSMME - NUST, _c2017. |
||
| 300 |
_a129 p. : _bcm. |
||
| 500 | _aHardcover | ||
| 650 |
_aDesign and Manufacturing Engineering - MS Thesis _916133 |
||
| 700 |
_aDr. Liaqat Ali _916199 |
||
| 856 | _uhttp://10.250.8.41:8080/xmlui/handle/123456789/10758 | ||
| 942 |
_2ddc _cTHE |
||
| 999 |
_c525357 _d525357 |
||